[Event "eytcc"]
[Site "?"]
[Date "2017.08.18"]
[Round "2.40"]
[White "Subelj, Jan"]
[Black "Pedoson, Georg Aleksander"]
[Result "1-0"]
[BlackElo "2036"]
[WhiteElo "2120"]
[LiveChessVersion "1.4.4"]

1. e4 {[%clk 1:30:53]} c6 {[%clk 1:30:55]} 2. d4 {[%clk 1:31:14]} d5
{[%clk 1:31:18]} 3. Nd2 {[%clk 1:31:25]} dxe4 {[%clk 1:31:12]} 4. Nxe4
{[%clk 1:31:44]} Nf6 {[%clk 1:31:08]} 5. Nxf6+ {[%clk 1:28:39]} exf6
{[%clk 1:31:29]} 6. Nf3 {[%clk 1:26:10]} Bd6 {[%clk 1:30:12]} 7. Be2
{[%clk 1:21:14]} O-O {[%clk 1:28:46]} 8. O-O {[%clk 1:21:35]} Nd7
{[%clk 1:25:20]} 9. c4 {[%clk 1:18:39]} c5 {[%clk 1:16:59]} 10. Be3
{[%clk 1:17:36]} Qc7 {[%clk 1:15:20]} 11. h3 {[%clk 1:10:23]} f5 {[%clk 1:13:18]}
12. dxc5 {[%clk 1:06:18]} Nxc5 {[%clk 1:10:38]} 13. b4 {[%clk 1:04:40]} Ne4
{[%clk 1:09:18]} 14. c5 {[%clk 1:05:02]} Be7 {[%clk 1:06:03]} 15. Bd4
{[%clk 1:04:51]} Be6 {[%clk 1:00:23]} 16. Be5 {[%clk 0:52:57]} Qc8
{[%clk 0:58:43]} 17. Qc1 {[%clk 0:52:46]} Rd8 {[%clk 0:47:18]} 18. Qb2
{[%clk 0:52:52]} f6 {[%clk 0:42:25]} 19. Bd4 {[%clk 0:51:44]} Bd5
{[%clk 0:40:10]} 20. Rfd1 {[%clk 0:50:20]} a5 {[%clk 0:37:51]} 21. a3
{[%clk 0:50:37]} Kh8 {[%clk 0:38:16]} 22. Ne1 {[%clk 0:41:10]} Qc7
{[%clk 0:33:39]} 23. Nc2 {[%clk 0:39:04]} f4 {[%clk 0:32:22]} 24. h4
{[%clk 0:34:41]} Bf8 {[%clk 0:23:17]} 25. Bf3 {[%clk 0:34:30]} Qe7
{[%clk 0:17:51]} 26. h5 {[%clk 0:28:16]} h6 {[%clk 0:17:01]} 27. Re1
{[%clk 0:27:58]} f5 {[%clk 0:17:19]} 28. Be5 {[%clk 0:25:27]} Qg5
{[%clk 0:17:10]} 29. Nd4 {[%clk 0:23:14]} Re8 {[%clk 0:16:44]} 30. Ne2 axb4
{[%clk 0:14:02]} 31. axb4 {[%clk 0:21:46]} Rxa1 {[%clk 0:11:44]} 32. Rxa1
{[%clk 0:21:26]} Nxc5 {[%clk 0:08:28]} 33. Bxd5 {[%clk 0:19:47]} Nd3
{[%clk 0:08:52]} 34. Qd4 {[%clk 0:19:40]} Nxe5 {[%clk 0:08:56]} 35. Nxf4
{[%clk 0:20:02]} Bd6 {[%clk 0:08:26]} 36. g3 {[%clk 0:19:06]} Ng4
{[%clk 0:03:06]} 37. Bxb7 {[%clk 0:10:24]} Bxf4 {[%clk 0:02:52]} 38. Qxf4
{[%clk 0:09:42]} Qxh5 {[%clk 0:03:14]} 39. Ra8 {[%clk 0:09:16]} Nf6
{[%clk 0:02:36]} 40. Bf3 {[%clk 0:38:25]} Qg6 {[%clk 0:32:09]} 41. b5
{[%clk 0:36:13]} Rxa8 {[%clk 0:29:59]} 42. Bxa8 {[%clk 0:36:33]} Qe8
{[%clk 0:29:06]} 43. Bc6 {[%clk 0:36:59]} Qe6 {[%clk 0:27:54]} 44. Qf3
{[%clk 0:34:10]} Qe1+ {[%clk 0:27:26]} 45. Kg2 {[%clk 0:34:34]} Qb1
{[%clk 0:27:44]} 46. Qe3 {[%clk 0:33:05]} Qc2 {[%clk 0:23:23]} 47. Bf3
{[%clk 0:32:40]} Qc8 {[%clk 0:15:35]} 48. b6 {[%clk 0:32:42]} Nd7
{[%clk 0:12:34]} 49. b7 {[%clk 0:33:04]} Qg8 {[%clk 0:11:01]} 50. Qd3
{[%clk 0:32:58]} Nb8 {[%clk 0:11:03]} 51. Qxf5 {[%clk 0:33:22]} g6
{[%clk 0:11:26]} 52. Qe5+ {[%clk 0:31:49]} Kh7 {[%clk 0:11:47]} 53. Qd6
{[%clk 0:30:15]} Kg7 {[%clk 0:10:15]} 54. Be4 {[%clk 0:29:33]} Qe8
{[%clk 0:10:37]} 55. Qc7+ {[%clk 0:27:30]} Kf6 {[%clk 0:10:52]} 56. Qd6+
{[%clk 0:27:52]} Kg7 {[%clk 0:11:14]} 57. Bd5 {[%clk 0:26:24]} Qd7
{[%clk 0:10:40]} 58. Qe5+ {[%clk 0:26:42]} Kh7 {[%clk 0:11:00]} 59. Bg8+
{[%clk 0:24:06]} 1-0

[Event "eytcc"]
[Site "?"]
[Date "2017.08.18"]
[Round "2.41"]
[White "De Waele, Warre"]
[Black "Jakab, Bela"]
[Result "1-0"]
[BlackElo "2195"]
[WhiteElo "2168"]
[LiveChessVersion "1.4.4"]

1. Nf3 e6 2. c4 Nf6 3. g3 d5 4. d4 Be7 5. Bg2 O-O 6. O-O b6 7. Qc2 Bb7 8. cxd5
exd5 9. Bf4 c5 10. dxc5 bxc5 11. Ne5 Nc6 12. Nxc6 Bxc6 13. Rd1 Qb6 14. Nc3 Rfd8
15. Bg5 d4 16. Na4 Bxa4 17. Qxa4 Rac8 18. b3 Nd5 19. Bxe7 Nxe7 20. Rac1 Nd5 21.
Bxd5 Rxd5 22. Rxd4 Rxd4 23. Qxd4 h6 24. Qc4 Re8 25. e3 Re5 26. Rd1 Qf6 27. Rd7
Rf5 28. Qd3 g6 29. Qd2 a6 30. Qc2 Kg7 31. Qd2 Qe5 32. Rd8 Kh7 33. Rd3 h5 34. Qc3
Qxc3 35. Rxc3 Rd5 36. Rc2 Kg7 37. Kf1 Kf6 38. Ke2 Ke7 39. Rd2 Re5 40. Kd3 Kd6 41.
f4 Re8 42. e4 Kc6 43. e5 Rb8 44. Kc3 Rb7 45. Rd6+ Kb5 46. a4+ Ka5 47. Rd5 Rc7 48.
Kc4 Kb6 49. a5+ Kxa5 50. Rxc5+ Rxc5+ 51. Kxc5 h4 52. b4+ 1-0

[Event "eytcc"]
[Site "?"]
[Date "2017.08.18"]
[Round "2.42"]
[White "Molnar, Erno"]
[Black "Boudry, William"]
[Result "1-0"]
[BlackElo "1965"]
[WhiteElo "2194"]
[LiveChessVersion "1.4.4"]

1. e4 d6 2. d4 Nf6 3. Nc3 e5 4. Nf3 Nbd7 5. Bc4 Be7 6. O-O c6 7. a4 a5 8. Re1 Qc7
9. Ba2 h6 10. h3 Nf8 11. Be3 g5 12. Nh2 Ng6 13. Qf3 Nh4 14. Qe2 Rg8 15. dxe5 dxe5
16. Kh1 g4 17. g3 Nf3 18. Nxf3 gxf3 19. Qxf3 Bxh3 20. Kh2 Bg4 21. Qg2 h5 22. Rh1
Bb4 23. f3 O-O-O 24. Kg1 Be6 25. Bxe6+ fxe6 26. Kf2 Qf7 27. Ke2 Qg7 28. Bf2 Qg5
29. Rad1 h4 30. Qh3 Rxd1 31. Rxd1 hxg3 32. Qxe6+ Kb8 33. Be3 Qh4 34. Qxe5+ Ka8
35. Kd2 g2 36. Kc1 g1=Q 37. Bxg1 Nd7 38. Qf5 Nf6 39. Be3 Nh5 40. Ne2 Rf8 41. Qe5
Qh3 42. Ng1 Qh4 43. c3 Be7 44. Qxa5+ 1-0

[Event "eytcc"]
[Site "?"]
[Date "2017.08.18"]
[Round "2.43"]
[White "De Bock, Thijs"]
[Black "Matis, Tibor"]
[Result "1-0"]
[BlackElo "1947"]
[WhiteElo "1951"]
[LiveChessVersion "1.4.4"]

1. e4 {[%clk 1:29:58]} c5 {[%clk 1:30:43]} 2. Nf3 {[%clk 1:30:20]} Nc6
{[%clk 1:31:09]} 3. d4 {[%clk 1:30:45]} cxd4 {[%clk 1:31:34]} 4. Nxd4
{[%clk 1:31:08]} e5 {[%clk 1:31:57]} 5. Nb5 {[%clk 1:31:34]} d6 {[%clk 1:32:22]}
6. N1c3 {[%clk 1:31:58]} Nf6 {[%clk 1:32:09]} 7. Bg5 {[%clk 1:32:18]} a6
{[%clk 1:31:27]} 8. Na3 {[%clk 1:32:43]} Be6 {[%clk 1:31:15]} 9. Nc4
{[%clk 1:31:37]} Nd4 {[%clk 1:18:23]} 10. Ne3 {[%clk 1:27:34]} Be7
{[%clk 1:15:03]} 11. g3 {[%clk 1:26:36]} O-O {[%clk 1:13:59]} 12. Bg2
{[%clk 1:26:36]} Rc8 {[%clk 1:07:45]} 13. O-O {[%clk 1:25:55]} b5
{[%clk 1:07:03]} 14. a4 {[%clk 1:17:28]} b4 {[%clk 1:02:52]} 15. Ne2
{[%clk 1:17:50]} Nxe2+ {[%clk 0:51:12]} 16. Qxe2 {[%clk 1:18:02]} a5
{[%clk 0:51:33]} 17. Rfd1 {[%clk 1:13:55]} Qc7 {[%clk 0:51:07]} 18. b3
{[%clk 1:11:47]} h6 {[%clk 0:48:22]} 19. Bxf6 Bxf6 {[%clk 0:48:34]} 20. h4
{[%clk 1:10:14]} Rfd8 {[%clk 0:48:08]} 21. Rd3 {[%clk 1:08:58]} d5
{[%clk 0:33:22]} 22. Nxd5 {[%clk 1:04:18]} Bxd5 {[%clk 0:33:37]} 23. Rxd5
{[%clk 1:04:33]} Rxd5 {[%clk 0:34:01]} 24. exd5 {[%clk 1:04:59]} Qxc2
{[%clk 0:33:03]} 25. Qxc2 {[%clk 1:05:18]} Rxc2 {[%clk 0:33:27]} 26. Rd1
{[%clk 1:05:02]} Rc3 {[%clk 0:32:49]} 27. d6 {[%clk 1:05:25]} Rxb3
{[%clk 0:29:19]} 28. Rd5 {[%clk 1:03:50]} Rb1+ {[%clk 0:15:34]} 29. Kh2
{[%clk 1:04:12]} g6 {[%clk 0:15:42]} 30. d7 {[%clk 1:03:53]} Bd8 {[%clk 0:15:09]}
31. Rxe5 {[%clk 1:03:57]} Kg7 {[%clk 0:14:43]} 32. Re8 {[%clk 1:04:19]} Bc7
{[%clk 0:14:01]} 33. d8=Q {[%clk 1:04:40]} Bxd8 {[%clk 0:14:21]} 34. Rxd8
{[%clk 1:05:06]} Ra1 {[%clk 0:10:19]} 35. Bc6 {[%clk 1:04:30]} Ra2
{[%clk 0:09:02]} 36. Kg2 {[%clk 1:04:00]} b3 {[%clk 0:09:27]} 37. Rb8
{[%clk 0:58:25]} b2 {[%clk 0:08:45]} 38. Rb6 {[%clk 0:57:44]} Kf8
{[%clk 0:08:00]} 39. Rb7 {[%clk 0:58:09]} g5 {[%clk 0:07:56]} 40. Rxf7+
{[%clk 1:28:10]} Kg8 {[%clk 0:37:16]} 41. Rb7 {[%clk 1:28:34]} Kh8
{[%clk 0:37:38]} 42. hxg5 {[%clk 1:28:30]} hxg5 {[%clk 0:37:53]} 43. Kf3
{[%clk 1:27:53]} 1-0

[Event "eytcc"]
[Site "?"]
[Date "2017.08.18"]
[Round "2.44"]
[White "Bugar, Peter"]
[Black "Van Malder, Dries"]
[Result "0-1"]
[BlackElo "1916"]
[WhiteElo "1807"]
[LiveChessVersion "1.4.4"]

1. c4 e5 2. g3 Nc6 3. Bg2 f5 4. Nc3 Nf6 5. e4 Bc5 6. Nge2 fxe4 7. Nxe4 Nxe4 8.
Bxe4 O-O 9. f3 d6 10. h4 Qf6 11. d3 h6 12. a3 Bf5 13. Bd5+ Be6 14. Be4 Ne7 15. g4
d5 16. g5 Qf7 17. cxd5 Bxd5 18. Kd2 Bxe4 19. fxe4 Qf3 20. Kc2 h5 21. b4 Be3 22.
Bb2 Ng6 23. Qf1 Qg4 24. Qd1 Rf2 25. Re1 Nf4 26. Bxe5 Nxe2 27. Kb1 Bd4 28. Qb3+
Kh7 29. Bxd4 Nxd4 30. Qd5 Re2 31. Rxe2 Qxe2 32. Qxd4 Rf8 33. Qb2 Qxd3+ 34. Ka2
Qc4+ 0-1

[Event "eytcc"]
[Site "?"]
[Date "2017.08.19"]
[Round "3.1"]
[White "Livaic, Leon"]
[Black "Matviishen, Viktor"]
[Result "1-0"]
[BlackElo "2433"]
[WhiteElo "2464"]
[LiveChessVersion "1.4.4"]

1. d4 {[%clk 1:30:59]} d5 {[%clk 1:30:44]} 2. c4 {[%clk 1:31:26]} c6
{[%clk 1:31:06]} 3. Nf3 {[%clk 1:31:52]} Nf6 {[%clk 1:31:26]} 4. Nbd2
{[%clk 1:32:15]} Bf5 {[%clk 1:30:52]} 5. Nh4 {[%clk 1:32:19]} Be4
{[%clk 1:30:48]} 6. f3 {[%clk 1:27:31]} Bg6 {[%clk 1:31:06]} 7. e3
{[%clk 1:26:02]} e6 {[%clk 1:29:30]} 8. g3 {[%clk 1:21:06]} Nbd7 {[%clk 1:26:07]}
9. Nxg6 {[%clk 1:20:22]} hxg6 {[%clk 1:25:32]} 10. f4 {[%clk 1:13:34]} c5
{[%clk 1:17:26]} 11. Bg2 {[%clk 1:04:26]} cxd4 {[%clk 1:16:24]} 12. exd4
{[%clk 1:04:49]} dxc4 {[%clk 1:14:13]} 13. Nxc4 {[%clk 1:04:21]} Rc8
{[%clk 0:55:19]} 14. Ne5 {[%clk 1:00:31]} Nxe5 {[%clk 0:52:50]} 15. fxe5
{[%clk 1:00:54]} Nd5 {[%clk 0:52:19]} 16. O-O {[%clk 0:59:52]} Be7
{[%clk 0:48:51]} 17. Qa4+ {[%clk 0:48:52]} Rc6 {[%clk 0:49:11]} 18. Qxa7
{[%clk 0:45:41]} O-O {[%clk 0:38:31]} 19. Qa4 {[%clk 0:34:28]} Qb6
{[%clk 0:32:12]} 20. Bxd5 {[%clk 0:29:59]} exd5 {[%clk 0:32:40]} 21. Be3
{[%clk 0:23:39]} Qxb2 {[%clk 0:31:54]} 22. Rab1 {[%clk 0:23:46]} Qe2
{[%clk 0:30:07]} 23. Rfe1 {[%clk 0:19:10]} Qa6 {[%clk 0:19:43]} 24. Qb3
{[%clk 0:15:30]} Rfc8 {[%clk 0:14:18]} 25. Qxd5 {[%clk 0:14:59]} Rc2
{[%clk 0:10:13]} 26. Rxb7 {[%clk 0:11:11]} Qa3 {[%clk 0:04:12]} 27. Bg5
{[%clk 0:05:58]} R8c3 {[%clk 0:04:41]} 28. Bf4 {[%clk 0:05:07]} g5
{[%clk 0:05:09]} 29. Rb8+ {[%clk 0:04:44]} Bf8 {[%clk 0:05:38]} 30. e6
{[%clk 0:02:00]} fxe6 {[%clk 0:06:07]} 31. Qxe6+ {[%clk 0:02:24]} Kh8
{[%clk 0:06:19]} 32. Bd6 {[%clk 0:01:53]} 1-0

[Event "eytcc"]
[Site "?"]
[Date "2017.08.19"]
[Round "3.2"]
[White "Lukiyanchuk, Vladislav"]
[Black "Plenca, Jadranko"]
[Result "1/2-1/2"]
[BlackElo "2446"]
[WhiteElo "2359"]
[LiveChessVersion "1.4.4"]

1. e4 {[%clk 1:30:56]} e5 {[%clk 1:30:51]} 2. Nf3 {[%clk 1:31:19]} Nc6
{[%clk 1:31:14]} 3. Bb5 {[%clk 1:31:41]} a6 {[%clk 1:31:38]} 4. Ba4
{[%clk 1:32:04]} Nf6 {[%clk 1:32:03]} 5. O-O {[%clk 1:32:25]} Be7
{[%clk 1:32:26]} 6. d3 {[%clk 1:32:28]} d6 {[%clk 1:31:52]} 7. c3
{[%clk 1:28:20]} O-O {[%clk 1:31:27]} 8. Re1 {[%clk 1:28:06]} b5 {[%clk 1:21:21]}
9. Bc2 {[%clk 1:28:02]} d5 {[%clk 1:21:29]} 10. Nbd2 {[%clk 1:16:14]} d4
{[%clk 1:16:33]} 11. cxd4 {[%clk 1:10:13]} exd4 {[%clk 1:16:54]} 12. Nb3
{[%clk 1:10:08]} Bg4 {[%clk 1:09:51]} 13. e5 {[%clk 1:03:22]} Nd7
{[%clk 1:02:09]} 14. Bf4 {[%clk 0:58:49]} Nb6 {[%clk 0:56:35]} 15. h3
{[%clk 0:55:58]} Bh5 {[%clk 0:56:36]} 16. g4 {[%clk 0:54:03]} Bg6
{[%clk 0:57:00]} 17. Rc1 {[%clk 0:54:19]} Qd5 {[%clk 0:51:32]} 18. Nbd2
{[%clk 0:51:52]} Nb4 {[%clk 0:48:58]} 19. Bb3 {[%clk 0:50:59]} Qb7
{[%clk 0:44:56]} 20. e6 {[%clk 0:47:11]} c5 {[%clk 0:44:26]} 21. Ne5
{[%clk 0:37:51]} fxe6 {[%clk 0:33:37]} 22. Nxg6 {[%clk 0:33:31]} hxg6
{[%clk 0:34:06]} 23. Rxe6 {[%clk 0:33:24]} Kh8 {[%clk 0:26:20]} 24. Qe2
{[%clk 0:27:58]} Bh4 {[%clk 0:25:51]} 25. Rxc5 {[%clk 0:15:21]} N6d5
{[%clk 0:06:40]} 26. Bg3 {[%clk 0:12:37]} Bxg3 {[%clk 0:07:08]} 27. fxg3
{[%clk 0:13:02]} Rac8 {[%clk 0:07:19]} 28. Rxc8 {[%clk 0:08:26]} Qxc8
{[%clk 0:07:48]} 29. a3 {[%clk 0:03:40]} Qc1+ {[%clk 0:05:17]} 30. Qe1
{[%clk 0:04:10]} Qxe1+ {[%clk 0:05:14]} 31. Rxe1 {[%clk 0:04:38]} Nxd3
{[%clk 0:05:43]} 32. Re4 {[%clk 0:04:54]} Ne3 {[%clk 0:05:05]} 33. Rxd4
{[%clk 0:05:10]} Nc1 {[%clk 0:04:47]} 34. Rf4 {[%clk 0:03:54]} Ne2+
{[%clk 0:04:40]} 35. Kf2 {[%clk 0:04:23]} Nxf4 36. gxf4 {[%clk 0:04:52]} Nd5
{[%clk 0:02:36]} 37. Bxd5 {[%clk 0:04:32]} Rd8 {[%clk 0:03:05]} 38. Ne4
{[%clk 0:03:13]} Rxd5 {[%clk 0:03:34]} 39. Ke2 {[%clk 0:03:34]} Kg8
{[%clk 0:02:03]} 40. Nf2 {[%clk 0:32:23]} g5 {[%clk 0:30:44]} 1/2-1/2

[Event "eytcc"]
[Site "?"]
[Date "2017.08.19"]
[Round "3.3"]
[White "Tica, Sven"]
[Black "Roshka, Yevgeniy"]
[Result "1/2-1/2"]
[BlackElo "2356"]
[WhiteElo "2368"]
[LiveChessVersion "1.4.4"]

1. d4 {[%clk 1:30:57]} d5 {[%clk 1:28:31]} 2. c4 {[%clk 1:31:21]} e6
{[%clk 1:28:59]} 3. Nf3 {[%clk 1:31:44]} Nf6 {[%clk 1:29:23]} 4. g3
{[%clk 1:32:09]} Be7 {[%clk 1:29:49]} 5. Bg2 {[%clk 1:32:33]} O-O
{[%clk 1:30:14]} 6. Qc2 {[%clk 1:32:56]} Nbd7 {[%clk 1:29:51]} 7. O-O
{[%clk 1:33:15]} c6 {[%clk 1:29:48]} 8. Nbd2 {[%clk 1:33:39]} b6 {[%clk 1:29:28]}
9. e4 {[%clk 1:34:04]} Nxe4 {[%clk 1:28:37]} 10. Nxe4 {[%clk 1:34:28]} dxe4
{[%clk 1:29:07]} 11. Qxe4 {[%clk 1:34:48]} Bb7 {[%clk 1:29:25]} 12. Rd1
{[%clk 1:34:41]} Qc8 {[%clk 1:21:45]} 13. Ne5 {[%clk 1:26:48]} Nxe5
{[%clk 1:21:41]} 14. dxe5 {[%clk 1:27:10]} Rb8 {[%clk 1:21:59]} 15. Qg4
{[%clk 1:24:20]} Kh8 {[%clk 1:17:24]} 16. Bg5 {[%clk 1:22:31]} Bxg5
{[%clk 1:13:35]} 17. Qxg5 {[%clk 1:22:42]} c5 {[%clk 1:12:53]} 18. Bxb7
{[%clk 1:09:08]} Rxb7 {[%clk 1:09:54]} 19. Rd6 {[%clk 1:05:08]} Rd7
{[%clk 1:08:49]} 20. Rad1 {[%clk 1:05:31]} h6 {[%clk 1:07:21]} 21. Qd2
{[%clk 1:05:05]} Rxd6 {[%clk 1:07:46]} 22. Qxd6 {[%clk 1:05:29]} Kg8
{[%clk 1:08:10]} 23. a4 {[%clk 0:49:42]} Qb7 {[%clk 1:07:29]} 24. Qd3
{[%clk 0:46:10]} Qc7 {[%clk 1:04:43]} 25. f4 {[%clk 0:40:48]} Qb7
{[%clk 1:03:58]} 26. Kf2 {[%clk 0:39:22]} Qc6 {[%clk 1:03:42]} 27. b3
{[%clk 0:38:09]} Qb7 {[%clk 1:03:48]} 28. Qf3 {[%clk 0:36:46]} Qc7
{[%clk 1:04:13]} 29. Qd3 {[%clk 0:31:11]} Qb7 {[%clk 1:04:24]} 30. h4
{[%clk 0:24:04]} Kh8 31. Qf3 Qe7 {[%clk 0:56:05]} 32. Qc6 {[%clk 0:22:57]} Rd8
{[%clk 0:55:55]} 33. Rd6 g5 {[%clk 0:50:29]} 34. Rxd8+ {[%clk 0:08:43]} Qxd8
{[%clk 0:49:11]} 35. Qd6 Qg8 36. hxg5 {[%clk 0:03:49]} hxg5 {[%clk 0:49:36]} 37.
f5 {[%clk 0:04:14]} exf5 {[%clk 0:48:35]} 38. Qf6+ {[%clk 0:04:43]} Kh7
{[%clk 0:48:05]} 39. Qxf5+ {[%clk 0:04:32]} Qg6 {[%clk 0:48:14]} 40. g4
{[%clk 0:31:16]} Qxf5+ {[%clk 1:14:45]} 41. gxf5 {[%clk 0:31:45]} f6
{[%clk 1:14:58]} 42. e6 {[%clk 0:32:03]} Kg7 {[%clk 1:15:23]} 43. Kf3
{[%clk 0:32:07]} Kf8 {[%clk 1:15:46]} 44. Kg4 {[%clk 0:32:37]} Ke7
{[%clk 1:16:00]} 45. Kh5 {[%clk 0:33:06]} Ke8 {[%clk 1:16:20]} 46. Kg4
{[%clk 0:31:07]} Ke7 {[%clk 1:16:41]} 47. Kh5 {[%clk 0:31:34]} Ke8
{[%clk 1:17:06]} 1/2-1/2

[Event "eytcc"]
[Site "?"]
[Date "2017.08.19"]
[Round "3.4"]
[White "Yurovskich, Oleksandr"]
[Black "Tomulic, Teo"]
[Result "1/2-1/2"]
[BlackElo "2319"]
[WhiteElo "2231"]
[LiveChessVersion "1.4.4"]

1. Nf3 {[%clk 1:30:50]} Nf6 {[%clk 1:30:54]} 2. c4 {[%clk 1:31:11]} e6
{[%clk 1:31:20]} 3. g3 {[%clk 1:31:35]} a6 {[%clk 1:31:39]} 4. Bg2
{[%clk 1:31:40]} b5 {[%clk 1:32:03]} 5. b3 {[%clk 1:32:04]} d5 {[%clk 1:32:29]}
6. O-O {[%clk 1:30:15]} Bb7 {[%clk 1:32:26]} 7. cxd5 {[%clk 1:30:20]} exd5
{[%clk 1:32:43]} 8. d4 {[%clk 1:30:16]} Nbd7 {[%clk 1:32:34]} 9. Bb2
{[%clk 1:27:41]} Bd6 {[%clk 1:31:45]} 10. Nbd2 {[%clk 1:23:08]} Qe7
{[%clk 1:30:08]} 11. e3 {[%clk 1:21:06]} O-O {[%clk 1:30:11]} 12. Qe2
{[%clk 1:20:34]} b4 {[%clk 1:28:10]} 13. Nh4 {[%clk 1:12:54]} Qe6
{[%clk 1:26:57]} 14. a3 {[%clk 1:11:32]} a5 {[%clk 1:25:01]} 15. axb4
{[%clk 1:11:21]} Bxb4 {[%clk 1:23:39]} 16. Rfc1 {[%clk 1:09:32]} Ba6
{[%clk 1:22:09]} 17. Qd1 {[%clk 1:09:55]} c5 {[%clk 1:12:07]} 18. Nhf3
{[%clk 1:08:56]} Rac8 {[%clk 1:08:21]} 19. Ba3 {[%clk 0:53:34]} c4
{[%clk 1:02:03]} 20. Bf1 {[%clk 0:40:26]} Bb5 {[%clk 0:53:46]} 21. Bxb4
{[%clk 0:39:17]} axb4 {[%clk 0:52:00]} 22. Rab1 {[%clk 0:39:29]} Ba6
{[%clk 0:43:16]} 23. bxc4 {[%clk 0:39:12]} dxc4 {[%clk 0:43:34]} 24. Rxb4
{[%clk 0:39:04]} c3 {[%clk 0:43:54]} 25. Bxa6 {[%clk 0:30:34]} Qxa6
{[%clk 0:44:01]} 26. Nb1 {[%clk 0:30:34]} Ne4 {[%clk 0:41:35]} 27. Qc2
{[%clk 0:29:35]} Qa5 {[%clk 0:36:22]} 28. Ra4 {[%clk 0:27:42]} Qd5
{[%clk 0:30:13]} 29. Qa2 {[%clk 0:24:05]} Qf5 {[%clk 0:17:02]} 30. Nh4
{[%clk 0:22:16]} Qb5 {[%clk 0:13:13]} 31. Ra5 {[%clk 0:19:53]} Qb4
{[%clk 0:12:05]} 32. Qa4 {[%clk 0:16:59]} Qxa4 {[%clk 0:12:23]} 33. Rxa4
{[%clk 0:17:24]} c2 {[%clk 0:12:50]} 34. Ra7 {[%clk 0:14:26]} cxb1=Q
{[%clk 0:12:15]} 35. Rxb1 {[%clk 0:14:48]} Ndf6 {[%clk 0:12:25]} 36. Nf5
{[%clk 0:12:28]} Rc2 {[%clk 0:12:22]} 37. Rf1 {[%clk 0:09:32]} Ng4
{[%clk 0:03:23]} 38. f3 {[%clk 0:03:49]} Nxh2 {[%clk 0:03:46]} 39. fxe4
{[%clk 0:03:53]} Nxf1 {[%clk 0:04:11]} 40. Kxf1 {[%clk 0:34:15]} Rb8
{[%clk 0:34:29]} 41. Ra1 {[%clk 0:34:31]} g6 {[%clk 0:34:44]} 42. Ne7+
{[%clk 0:34:39]} Kf8 {[%clk 0:35:04]} 43. Nd5 {[%clk 0:35:05]} g5
{[%clk 0:34:16]} 44. Nf6 {[%clk 0:35:08]} Kg7 {[%clk 0:34:29]} 45. e5
{[%clk 0:35:33]} Rb3 {[%clk 0:29:45]} 46. Re1 {[%clk 0:35:47]} Kg6
{[%clk 0:28:03]} 47. Re2 {[%clk 0:34:33]} Rxe2 {[%clk 0:26:54]} 48. Kxe2
{[%clk 0:34:59]} h5 {[%clk 0:27:05]} 49. Kf3 {[%clk 0:34:27]} h4 {[%clk 0:26:38]}
50. gxh4 gxh4 {[%clk 0:27:05]} 51. Kf4 {[%clk 0:33:53]} h3 {[%clk 0:25:41]} 52.
Ng4 {[%clk 0:34:15]} Kh5 {[%clk 0:25:14]} 53. Kg3 {[%clk 0:34:33]} h2
{[%clk 0:25:33]} 54. Nf6+ Kg6 {[%clk 0:25:47]} 55. Kxh2 {[%clk 0:35:01]} Rxe3
{[%clk 0:26:11]} 56. Nd5 {[%clk 0:34:26]} Re4 {[%clk 0:25:59]} 57. Ne7+
{[%clk 0:34:39]} Kg5 {[%clk 0:26:24]} 58. Nc6 {[%clk 0:34:00]} Kf5
{[%clk 0:25:19]} 59. Kg3 {[%clk 0:33:15]} Re3+ {[%clk 0:21:28]} 60. Kf2
{[%clk 0:33:39]} Ke4 {[%clk 0:21:53]} 61. Nd8 {[%clk 0:33:17]} Rf3+
{[%clk 0:21:35]} 62. Ke2 {[%clk 0:33:43]} Ra3 {[%clk 0:20:39]} 63. Nxf7
{[%clk 0:33:57]} Kxd4 {[%clk 0:21:01]} 64. Ng5 {[%clk 0:33:22]} Kxe5
{[%clk 0:21:03]} 65. Nf3+ {[%clk 0:33:47]} Kf4 {[%clk 0:21:25]} 66. Nd2
{[%clk 0:34:08]} Ra2 {[%clk 0:21:45]} 67. Kd3 {[%clk 0:34:34]} Ra8
{[%clk 0:21:57]} 68. Nc4 {[%clk 0:34:50]} Rd8+ {[%clk 0:22:11]} 69. Kc3
{[%clk 0:35:16]} Ke4 {[%clk 0:22:36]} 70. Nd2+ {[%clk 0:35:41]} Kd5
{[%clk 0:23:01]} 71. Kd3 {[%clk 0:36:05]} Re8 {[%clk 0:22:56]} 72. Nf3
{[%clk 0:36:27]} Ra8 {[%clk 0:23:21]} 73. Ke3 {[%clk 0:36:49]} Ra4
{[%clk 0:23:34]} 74. Nd2 {[%clk 0:37:02]} Rb4 {[%clk 0:23:12]} 75. Nf3
{[%clk 0:37:27]} Re4+ {[%clk 0:23:35]} 76. Kd3 {[%clk 0:37:54]} Re8
{[%clk 0:23:54]} 77. Nd2 {[%clk 0:38:19]} Rh8 {[%clk 0:24:10]} 78. Nf3
{[%clk 0:38:44]} Rh7 {[%clk 0:24:01]} 79. Ke3 {[%clk 0:39:08]} Rf7
{[%clk 0:24:19]} 80. Nd2 {[%clk 0:39:29]} Re7+ {[%clk 0:24:34]} 81. Kd3
{[%clk 0:39:54]} Re1 {[%clk 0:24:53]} 82. Nf3 {[%clk 0:40:18]} Ra1
{[%clk 0:25:17]} 83. Ke3 {[%clk 0:40:44]} Ke6 84. Nd4+ {[%clk 0:41:08]} Ke5
{[%clk 0:25:47]} 85. Nf3+ {[%clk 0:41:33]} Kd5 {[%clk 0:26:14]} 86. Kf4
{[%clk 0:42:00]} Ra3 {[%clk 0:26:38]} 87. Ng5 {[%clk 0:42:26]} Ra4+
{[%clk 0:26:58]} 88. Kf5 {[%clk 0:42:50]} Ra8 {[%clk 0:27:21]} 89. Kf4
{[%clk 0:43:00]} Rf8+ {[%clk 0:27:46]} 90. Ke3 {[%clk 0:43:24]} Rf5
{[%clk 0:27:38]} 91. Nf3 {[%clk 0:43:49]} Rh5 {[%clk 0:28:06]} 92. Kf4
{[%clk 0:44:14]} Ke6 {[%clk 0:28:33]} 93. Ke4 {[%clk 0:44:36]} Ra5
{[%clk 0:28:49]} 94. Nd4+ {[%clk 0:44:58]} Kf6 {[%clk 0:29:14]} 95. Nc6
{[%clk 0:45:10]} Rh5 {[%clk 0:29:27]} 96. Nd4 {[%clk 0:45:35]} Rg5
{[%clk 0:29:53]} 97. Nc6 {[%clk 0:45:51]} Ke6 {[%clk 0:30:13]} 98. Nd4+
{[%clk 0:46:14]} Kd6 {[%clk 0:30:40]} 99. Nf5+ {[%clk 0:46:40]} Kc6
{[%clk 0:31:07]} 100. Nd4+ {[%clk 0:47:03]} Kc5 {[%clk 0:31:32]} 101. Ne6+
{[%clk 0:47:29]} Kc4 {[%clk 0:32:00]} 102. Nxg5 {[%clk 0:47:52]} 1/2-1/2